ASOIAF - Places in Essos - Statistics

General Stats
  • This quiz has been taken 343 times
    174 since last reset
  • The average score is 20 of 32
Answer Stats
Hint Answer % Correct
Free city founded by escaped Valyrian slaves. Home to the iron bank and the faceless men Braavos
99%
Island Free city and former member of the Triarchy. Known for their pleasure houses Lys
92%
Free city and former member of the Triarchy. Known for lace, carpets and glassmaking Myr
89%
The greatest city that ever was or will be, home to the warlocks Qarth
89%
Southern peninsula left in ruins by the eruption of 14 volcanoes. Founded most of the Free Cities Valyria
89%
A dark city where shadowbinders practice blood magic Asshai
87%
Free City to the south and the oldest free city. Known for their fearsome tattoos Volantis
87%
City in this area, called "The Red City", known for training unsullied Astapor
86%
Free city and major trading port on the western coast. Ruled by a prince elected by magisters Pentos
86%
Only city in above, where weapons are forbidden Vaes Dothrak
84%
Vast grassland, home to brutal horse nomads Dothraki sea
83%
City in this area, the largest and most formidable Meereen
83%
Island Free city and former member of the Triarchy. Known for locals dyeing their hair Tyrosh
83%
City in this area, called "The Yellow City", known for training bedslaves Yunkai
83%
Free city known as "The city of sorcerers". Worship a black goat Qohor
70%
Great empire in the east, called "The Golden Empire" Yi ti
68%
Free city in the interior of Essos. Home to the bearded priests Norvos
65%
Coastal area, the wealthy hub of the essosi slave trade Slavers bay
63%
Island Free city that is mostly abandoned. Used to be home to the Mazemakers Lorath
62%
Island nation in the shivering sea. People are known for being short and hairy Ibben
56%
Desert wasteland full of ruins, devil grass and stunted trees Red waste
53%
The ancient homeland of the Andals and the Faith of the Seven Andalos
50%
Region of Essos the three above are constantly fighting over Disputed lands
44%
Forts built of fused black stone. The Essosi equivalent of the Wall Five forts
41%
Forested island rich in spices and gemstones Leng
32%
Semi arid lands, whose people are known for shepherding Lhazar
32%
Vast desert east of the above Grey waste
25%
Kingdom north of the grasslands Sarnor
24%
Mountain range separating the further east from the west Bone mountains
23%
Archipelago in the shivering sea, home to fish-like people Thousand islands
23%
Plains region, whose people ride Zorses and have pointed heads Jogos Nhai
20%
A cold dark land of "shapechangers and demon hunters" Mossovy
13%
No matching quizzes found
Score Distribution
Percent of People with Each Score
Percentile by Number Answered
Your Score History
You have not taken this quiz since the last reset